Escribir a su alcancce : (Registro nro. 172671)
[ vista simple ]
| 000 -LEADER | |
|---|---|
| fixed length control field | 01218nam a22003611 4500 |
| 001 - CONTROL NUMBER | |
| control field | bslw10045743 |
| 006 - FIXED-LENGTH DATA ELEMENTS--ADDITIONAL MATERIAL CHARACTERISTICS--GENERAL INFORMATION | |
| fixed length control field | m o d |
| 007 - PHYSICAL DESCRIPTION FIXED FIELD--GENERAL INFORMATION | |
| fixed length control field | cr un ---uuuua |
| 008 - FIXED-LENGTH DATA ELEMENTS--GENERAL INFORMATION | |
| fixed length control field | 230418s2014 ck ob 000 0 spa d |
| 020 ## - INTERNATIONAL STANDARD BOOK NUMBER | |
| International Standard Book Number | 9789587710519 |
| 020 ## - INTERNATIONAL STANDARD BOOK NUMBER | |
| International Standard Book Number | 9789587710526 |
| Qualifying information | (e-ISBN) |
| 035 ## - | |
| -- | 38282 |
| 040 ## - CATALOGING SOURCE | |
| Original cataloging agency | UtOrBLW |
| Language of cataloging | eng |
| Description conventions | rda |
| Transcribing agency | UtOrBLW |
| 050 #4 - | |
| -- | PN145 |
| -- | .N56 2014 |
| 082 04 - | |
| -- | 808.02 |
| -- | 23 |
| 100 1# - MAIN ENTRY--PERSONAL NAME | |
| Personal name | Niño Rojas, Víctor Miguel, |
| Relator term | author. |
| 245 10 - TITLE STATEMENT | |
| Title | Escribir a su alcancce : |
| Remainder of title | lo que usted necesita saber para despertar la habilidad de redactar un texto / |
| Statement of responsibility, etc | Víctor Miguel Niño Rojas. |
| 250 ## - | |
| -- | Primera edición. |
| 264 #1 - | |
| -- | Bogotá, Colombia : |
| -- | ECOE Ediciones, |
| -- | 2014. |
| 300 ## - PHYSICAL DESCRIPTION | |
| Extent | 1 online resource (vii, 193 pages) |
| 336 ## - | |
| -- | text |
| -- | txt |
| -- | rdacontent |
| 337 ## - | |
| -- | computer |
| -- | c |
| -- | rdamedia |
| 338 ## - | |
| -- | online resource |
| -- | cr |
| -- | rdacarrier |
| 490 1# - SERIES STATEMENT | |
| Series statement | Ciencias Humanas. Comunicación |
| 504 ## - BIBLIOGRAPHY, ETC. NOTE | |
| Bibliography, etc | Includes bibliographical references. |
| 650 #0 - SUBJECT ADDED ENTRY--TOPICAL TERM | |
| Topical term or geographic name as entry element | Authorship. |
| 650 #0 - SUBJECT ADDED ENTRY--TOPICAL TERM | |
| Topical term or geographic name as entry element | Academic writing. |
| 650 #0 - SUBJECT ADDED ENTRY--TOPICAL TERM | |
| Topical term or geographic name as entry element | Business writing. |
| 830 #0 - | |
| -- | Ciencias humanas. |
| -- | Área comunicación. |
| 856 40 - LOCALIZACIÓN Y ACCESO ELECTRÓNICO | |
| Identificador Uniforme del Recurso (URI/URL) | https://app.vlex.com/#/sources/38282 |
| 942 ## - | |
| -- | RAA |
| 999 ## - | |
| -- | 172671 |
| -- | 172671 |
No hay ítems disponibles.